[Event "21st Belgrade Trophy"]
[Site "Obrenovac SRB"]
[Date "2008.11.05"]
[Round "9"]
[White "Djurasinov,B"]
[Black "Karaklajic,N"]
[Result "1-0"]
[WhiteElo "2198"]
[BlackElo "2303"]

1.d4 Nf6 2.Nf3 d5 3.e3 c6 4.c4 e6 5.Nc3 Nbd7 6.Bd2 Ne4 7.Bd3 f5 8.h4 Be7
9.g3 O-O 10.Qb3 Ndf6 11.cxd5 exd5 12.Ne2 Bd6 13.Bb4 Qb6 14.Bxd6 Qxb3 15.axb3 Nxd6
16.Ne5 a6 17.Nc3 Bd7 18.Na4 Be8 19.Nc5 Bf7 20.f3 Rfe8 21.Kf2 Re7 22.Rhe1 Rf8
23.Kg2 Be6 24.Rac1 Bc8 25.Bf1 Nf7 26.Ncd3 Nd7 27.Nxf7 Kxf7 28.Kf2 Kf6 29.f4 Ke6
30.Bg2 Kd6 31.Bf3 Nf6 32.Ne5 Be6 33.Rc5 Bf7 34.Rec1 Bh5 35.Bxh5 Nxh5 36.Rxc6+  1-0

[Event "21st Belgrade Trophy"]
[Site "Obrenovac SRB"]
[Date "2008.11.05"]
[Round "9"]
[White "Rajcevic,S"]
[Black "Ratkovic,Milov"]
[Result "0-1"]
[WhiteElo "2176"]
[BlackElo "1985"]

1.d4 d5 2.Nf3 Nf6 3.c4 c6 4.e3 e6 5.Nc3 Nbd7 6.Qc2 Bd6 7.Be2 dxc4 8.Bxc4 O-O
9.O-O e5 10.a3 Qe7 11.Bd3 Re8 12.Ng5 h6 13.Nge4 Bc7 14.Ng3 Nf8 15.dxe5 Qxe5
16.b4 Ne4 17.Nd1 Qe7 18.Be2 Ng6 19.Bb2 h5  0-1

[Event "Russia Cup Final"]
[Site "Serpuhov RUS"]
[Date "2008.11.06"]
[Round "1.2"]
[White "Aleksandrov,A"]
[Black "Yakovich,Yur"]
[Result "1/2-1/2"]
[WhiteElo "2617"]
[BlackElo "2567"]

1.d4 d5 2.c4 e6 3.Nc3 c6 4.e3 Nf6 5.Nf3 Nbd7 6.Qc2 Bd6 7.g4 h6 8.Rg1 e5 9.cxd5 cxd5
10.Nb5 Bb8 11.g5 hxg5 12.Nxg5 O-O 13.Bd2 a6 14.Nc3 Nb6 15.O-O-O Bd7 16.Be2 Qc8
17.f3 exd4 18.exd4 Bf5 19.Bd3 Bxd3 20.Qxd3 Nc4 21.Kb1 Qd7 22.Bc1 Re8 23.Rg2 Nd6
24.Nxd5 Nxd5 25.Qh7+ Kf8 26.Ne4 Qf5 27.Qxg7+ Ke7 28.Rc2 Nxe4 29.fxe4 Qxe4
30.Rf1 Bf4 31.Bxf4 Rac8 32.Qg2 Qxc2+ 33.Qxc2 Rxc2 34.Kxc2 Nxf4 35.Rxf4 Rg8
36.Rf2 Rh8 37.Kd3 f5 38.a4 Kd6 39.a5 Rh4 40.b4 Kc6 41.Kc3 Kd6 42.Kc4 f4 43.Rg2 f3
44.Rf2 Rf4 45.Kd3 Kd5 46.Ke3 Re4+ 47.Kxf3 Rxd4 48.Kg3 Rxb4 49.h4 b6 50.h5 bxa5
51.h6 Rb7 52.Kg4 Kc4 53.Ra2 Rh7 54.Kg5 Kb4 55.Kg6 Rxh6+ 56.Kxh6 a4 57.Rb2+ Kc3
58.Rb6 a3 59.Rxa6 Kb2 60.Rxa3  1/2-1/2

[Event "Russia Cup Final"]
[Site "Serpuhov RUS"]
[Date "2008.11.06"]
[Round "1.3"]
[White "Aleksandrov,A"]
[Black "Yakovich,Yur"]
[Result "0-1"]
[WhiteElo "2617"]
[BlackElo "2567"]

1.d4 d5 2.c4 e6 3.Nc3 c6 4.e3 Nf6 5.Nf3 Nbd7 6.Qc2 Bd6 7.g4 h6 8.Rg1 e5 9.cxd5 cxd5
10.Nb5 Bb8 11.g5 hxg5 12.Nxg5 e4 13.Bd2 Nb6 14.Rc1 Bd7 15.Nc7+ Bxc7 16.Qxc7 Qxc7
17.Rxc7 Rc8 18.Rxb7 Rc2 19.Rb8+ Bc8 20.Bb5+ Nfd7 21.Kd1 Rxb2 22.Bxd7+ Kxd7
23.Nxf7 Rh7 24.Ne5+ Kc7 25.Rxc8+ Kxc8 26.Ke2 Rxa2 27.h4 Kb7 28.f3 Nc4 29.Rb1+ Ka6  0-1

[Event "Russia Cup Final"]
[Site "Serpuhov RUS"]
[Date "2008.11.06"]
[Round "1.2"]
[White "Popov,Val"]
[Black "Kryakvin,D"]
[Result "1-0"]
[WhiteElo "2542"]
[BlackElo "2584"]

1.c4 c6 2.Nc3 d5 3.d4 Nf6 4.e3 e6 5.Nf3 a6 6.Bd3 dxc4 7.Bxc4 b5 8.Bd3 c5
9.a4 b4 10.Ne4 Nbd7 11.Nxf6+ Nxf6 12.dxc5 Bxc5 13.e4 Bb7 14.Qe2 Qc7 15.O-O O-O
16.a5 Ng4 17.h3 Ne5 18.Bf4 Nxf3+ 19.Qxf3 e5 20.Be3 Rfd8 21.Bxc5 Qxc5 22.Rfc1 Qe7
23.Qe2 Rd4 24.Rc4 Rxc4 25.Bxc4 Qc7 26.Rd1 g6 27.b3 Kg7 28.Qd3 Rc8 29.Qd7 Bxe4
30.Bxf7 Bf5 31.Qxc7 Rxc7 32.Bc4 Rc5 33.g4 Bc8 34.Rd8 h5 35.gxh5 gxh5 36.h4 Bg4
37.Rd5 Rxd5 38.Bxd5 Kf6 39.Bc4 Be6 40.Bxa6 Bxb3 41.Kf1 Bd5 42.Ke1 Ke7 43.Be2 Kd6
44.Bxh5 Kc5 45.a6 b3 46.Kd2 Kb4 47.Bd1 b2 48.Bc2 Ka5 49.a7 Kb6 50.h5  1-0

[Event "Russia Cup Final w"]
[Site "Serpuhov RUS"]
[Date "2008.11.06"]
[Round "1.2"]
[White "Molchanova,T"]
[Black "Shaidullina,S"]
[Result "1/2-1/2"]
[WhiteElo "2337"]
[BlackElo "2263"]

1.d4 d5 2.c4 c6 3.Nc3 Nf6 4.e3 e6 5.Nf3 Nbd7 6.Bd3 dxc4 7.Bxc4 b5 8.Bd3 Bb7
9.Qe2 a6 10.a4 b4 11.Ne4 c5 12.Nxc5 Nxc5 13.dxc5 Bxc5 14.O-O Qd5 15.Rd1 Qh5
16.b3 Ne4 17.Bb2 Nc3 18.Bxc3 bxc3 19.Rac1 Bb4 20.Ne1 Qa5 21.Qg4 O-O 22.Qh4 g6
23.Nc2 Bd6 24.Bxg6 Bxh2+ 25.Kxh2 hxg6 26.Qf6 Rfd8 27.Rh1 Qf5 28.Qxf5 gxf5
29.Nd4 Rac8 30.Kg3 Kg7 31.f3 Kf6 32.Rc2 f4+ 33.Kf2 fxe3+ 34.Kxe3 Rc5 35.Ne2 Re5+
36.Kf2 Rd2 37.Rxd2 cxd2 38.Rd1 Bd5 39.Nd4 Re1 40.Rxd2 Rb1 41.Kg3 a5 42.Rd3 e5
43.Ne2 Be6 44.Nc3 Rxb3 45.Nd5+ Bxd5 46.Rxd5 e4 47.Rxa5 e3 48.f4 e2+ 49.Kf2 Re3
50.Ke1 Re4 51.g3 Re3 52.Rg5 Ra3 53.a5 Ra2 54.Re5 Kg6 55.g4 Kf6 56.Rb5 Kg7
57.Rf5 Kg6 58.Kf2 f6 59.Rb5 Kg7 60.Rb7+ Kg6 61.Ra7 Ra4 62.f5+ Kg5 63.Rg7+ Kf4
64.Kxe2 Rxa5 65.Rg6 Ra2+ 66.Kd3 Rg2 67.Rxf6 Rxg4 68.Rf8 Ke5 69.f6 Rf4 70.f7 Ke6  1/2-1/2

[Event "FSGM November"]
[Site "Budapest HUN"]
[Date "2008.11.07"]
[Round "7"]
[White "Martinovic,Sa"]
[Black "Nguyen Huynh Minh Huy"]
[Result "1/2-1/2"]
[WhiteElo "2416"]
[BlackElo "2452"]

1.d4 d5 2.c4 c6 3.Nc3 Nf6 4.e3 e6 5.Nf3 Nbd7 6.Qc2 Bd6 7.e4 dxe4 8.Nxe4 Nxe4
9.Qxe4 c5 10.Bg5 Be7 11.Bxe7 Qa5+ 12.Ke2 Kxe7 13.g3 Rd8 14.Bg2 cxd4 15.Qxh7 Nf6
16.Qxg7 d3+ 17.Kf1 Bd7 18.Ng5 Rf8 19.Ne4 Nxe4 20.Bxe4 Rad8 21.Bxb7 Qb6 22.Bf3 Bc6
23.Qg5+ f6 24.Qf4 Rd4 25.Qe3 Rfd8 26.Rd1 d2 27.h4 Qb7 28.Kg2 Rxc4 29.Bxc6 Qxc6+
30.Qf3 Qxf3+ 31.Kxf3 Rc2 32.Rb1 Rb8 33.Rhd1 Rbxb2 34.Rxb2 Rxb2 35.a4 Ra2  1/2-1/2

[Event "12th OIBM"]
[Site "Bad Wiessee GER"]
[Date "2008.11.08"]
[Round "8"]
[White "Jaenig,R"]
[Black "Reefschlaeger,H"]
[Result "0-1"]
[WhiteElo "2140"]
[BlackElo "2321"]

1.d4 d5 2.c4 e6 3.Nc3 c6 4.e3 Nf6 5.Nf3 Nbd7 6.Bd3 dxc4 7.Bxc4 b5 8.Bd3 Bb7
9.O-O a6 10.Bd2 c5 11.Rc1 Be7 12.Bb1 O-O 13.Re1 Rc8 14.Ne5 b4 15.Na4 Nxe5
16.dxe5 Qd5 17.Qf3 Qxf3 18.gxf3 Nd7 19.f4 Bc6 20.Bc2 Rfd8 21.a3 Bxa4 22.Bxa4 Nb6  0-1

[Event "Russia Cup Final"]
[Site "Serpuhov RUS"]
[Date "2008.11.08"]
[Round "2.2"]
[White "Volkov,Sergey1"]
[Black "Popov,Val"]
[Result "1-0"]
[WhiteElo "2632"]
[BlackElo "2542"]

1.d4 d5 2.c4 c6 3.Nc3 Nf6 4.e3 e6 5.Nf3 Nbd7 6.Bd3 dxc4 7.Bxc4 b5 8.Bd3 a6
9.e4 c5 10.e5 cxd4 11.Nxb5 axb5 12.exf6 gxf6 13.O-O Qb6 14.Qe2 Bb7 15.Bxb5 Rg8
16.Bf4 Rg4 17.Bg3 h5 18.Rfd1 Bd5 19.a4 Bh6 20.b4 Rc8 21.a5 Qa7 22.Qd3 Rc3
23.Qh7 Bf8 24.Qxh5 Bxf3 25.gxf3 Rg5 26.Bxd7+ Qxd7 27.Qh4 Rd5 28.Qxf6 Bxb4
29.a6 Qa7 30.Rdb1 Rb5 31.Qh8+ Kd7 32.Rxb4 Rxb4 33.Qf8 Qb6 34.a7  1-0

[Event "Corus Internet Qualifier"]
[Site "ICC INT"]
[Date "2008.11.09"]
[Round "4.3"]
[White "Iturrizaga,E"]
[Black "Fier,A"]
[Result "1-0"]
[WhiteElo "2538"]
[BlackElo "2581"]

1.Nf3 Nf6 2.c4 e6 3.Nc3 d5 4.d4 c6 5.e3 Nbd7 6.Qc2 Bd6 7.b3 O-O 8.Be2 b6
9.O-O Bb7 10.Bb2 Qe7 11.Rad1 Rac8 12.e4 Nxe4 13.Nxe4 dxe4 14.Qxe4 f5 15.Qe3 Nf6
16.Rfe1 Ne4 17.Ne5 c5 18.f3 cxd4 19.Bxd4 Nf6 20.Bf1 Bb4 21.Re2 Rfe8 22.Nd3 Bd6
23.Rde1 Qc7 24.Qg5 h6 25.Qg6 Qf7 26.Qxf7+ Kxf7 27.Ne5+ Kg8 28.Nd3 Kf7 29.Be5 Rcd8
30.Bxd6 Rxd6 31.Ne5+ Kg8 32.b4 Rd4 33.a3 g5 34.Rc2 Rc8 35.c5 bxc5 36.Rxc5 Rdd8
37.Rec1 Kf8 38.Rxc8 Rxc8 39.Rxc8+ Bxc8 40.Nc6 a6 41.Nb8 Ke7 42.Nxa6 Nd5 43.Nc5 Kd6
44.Kf2 e5 45.Bc4 Nb6 46.Bb3 h5 47.Ke3 f4+ 48.Kd2 g4 49.Ne4+ Ke7 50.a4 Bb7
51.a5 Nd7 52.Kd3 Bc6 53.Bc4 Ba4 54.b5 Bd1 55.Nd2 g3 56.h4 Nf8 57.a6 Nd7 58.a7 Nb6
59.Bd5 Kd6 60.a8=Q Nxa8 61.Bxa8 Kc5 62.Bc6 Ba4 63.Ke4 Kd6 64.Nc4+ Ke6 65.Nxe5 Bc2+
66.Kxf4 Bd1 67.b6 Kd6 68.b7 Kc7 69.Nd7  1-0

[Event "38th Olympiad"]
[Site "Dresden GER"]
[Date "2008.11.13"]
[Round "1"]
[White "Kelly,B"]
[Black "Miton,K"]
[Result "0-1"]
[WhiteElo "2488"]
[BlackElo "2604"]

1.d4 d5 2.c4 c6 3.Nc3 Nf6 4.e3 e6 5.Nf3 Nbd7 6.Qc2 Bd6 7.Be2 O-O 8.O-O dxc4
9.Bxc4 a6 10.Rd1 b5 11.Bd3 Bb7 12.a4 Qb8 13.h3 b4 14.Ne4 Nxe4 15.Bxe4 Nf6
16.Bd3 Rc8 17.Ng5 h6 18.Ne4 Nxe4 19.Bxe4 c5 20.dxc5 Rxc5 21.Qd3 Be5 22.Bd2 a5
23.Rac1 Bxe4 24.Qxe4 Rd5 25.Qb1 Qd6 26.Be1 Rd8 27.Rxd5 Qxd5 28.b3 f5 29.Kf1 Bf6
30.Qc2 Qd3+ 31.Qxd3 Rxd3 32.Rb1 e5 33.Ke2 e4 34.f3 Kf7 35.Bg3 Rc3 36.Kd2 Ke6
37.Bb8 Kd7 38.Bg3 Bg5 39.Bf2 f4 40.exf4 Bxf4+ 41.Ke2 Rc2+ 42.Kf1 e3 43.Be1 Ke6
44.Kg1 Bd6 45.h4 Kf5 46.g3 Bc5 47.Kh1 g5 48.hxg5 hxg5 49.Rd1 g4  0-1

[Event "38th Olympiad"]
[Site "Dresden GER"]
[Date "2008.11.13"]
[Round "1"]
[White "Wassin,S"]
[Black "Domingos,E"]
[Result "1/2-1/2"]
[WhiteElo "2325"]
[BlackElo "2198"]

1.d4 d5 2.c4 c6 3.Nc3 Nf6 4.Nf3 e6 5.e3 Nbd7 6.Qc2 Bd6 7.Bd3 O-O 8.O-O dxc4
9.Bxc4 e5 10.a3 exd4 11.exd4 Qa5 12.Bg5 Qc7 13.Ba2 Ng4 14.h3 Nh2 15.Nxh2 Bxh2+
16.Kh1 Bf4 17.Be7 Re8 18.Rae1 Nf8 19.Bxf8 Rxf8 20.Re2 Bd7 21.Rfe1 Rad8 22.Qe4 Qd6
23.Qf3 Qh6 24.d5 Bd2 25.Rd1 Bxc3 26.bxc3 cxd5 27.Bxd5 Be6 28.c4 Bxd5 29.cxd5 Qd6
30.Qb3 Rd7 31.Kg1 g6 32.a4 Rc8 33.Qb2 b6 34.Rde1 Rdd8 35.Qb5 Kg7 36.Rd2 Qf6
37.Red1 Rc5 38.Qb3 Rd6 39.Rd3 Qe5 40.Re3 Qf6 41.Rf3 Qe5 42.Re3 Qf6  1/2-1/2

[Event "38th Olympiad"]
[Site "Dresden GER"]
[Date "2008.11.13"]
[Round "1"]
[White "Lopez Falcon,J"]
[Black "Jones,Ru"]
[Result "1-0"]
[WhiteElo "2206"]
[BlackElo "1966"]

1.d4 Nf6 2.Nf3 e6 3.c4 d5 4.Nc3 c6 5.e3 a6 6.Bd3 dxc4 7.Bxc4 b5 8.Bd3 c5
9.O-O c4 10.Bc2 Be7 11.e4 Bb7 12.Qe2 Qc7 13.Bg5 h6 14.Bh4 g5 15.Bg3 Qb6 16.d5 Nbd7
17.Rad1 O-O-O 18.a4 exd5 19.exd5 Rhe8 20.Bf5 Bd6 21.Qc2 Bxg3 22.hxg3 Kb8
23.axb5 axb5 24.b3 b4 25.Na4 cxb3 26.Qxb3 Nc5 27.Nxb6 Nxb3 28.Rb1 Rd6 29.Nc4 Rxd5
30.Rxb3 Rxf5 31.Nd6 Rxf3 32.gxf3 Re7 33.Rxb4 Nd5 34.Rb3 Rd7 35.Rfb1 Rxd6
36.Rxb7+ Kc8 37.Rxf7 Nc3 38.Rc1 Rc6 39.Kg2 Kd8 40.Rh7 Ke8 41.Ra1 Rd6 42.Rh1  1-0

[Event "38th Olympiad"]
[Site "Dresden GER"]
[Date "2008.11.14"]
[Round "2"]
[White "Bayarmandah,B"]
[Black "Singh,Rav"]
[Result "1-0"]
[WhiteElo "2339"]
[BlackElo "2084"]

1.d4 d5 2.c4 e6 3.Nc3 c6 4.e3 Nf6 5.Nf3 Bd6 6.Bd3 Nbd7 7.O-O O-O 8.e4 dxe4
9.Nxe4 Nxe4 10.Bxe4 h6 11.Bc2 Nf6 12.b3 b5 13.Be3 bxc4 14.bxc4 Ba6 15.Bd3 Qa5
16.c5 Bc7 17.a4 Bxd3 18.Qxd3 Rfd8 19.Qc4 Ne4 20.Qc2 Nf6 21.Qe2 Bb8 22.Bd2 Qc7
23.Qa6 Qc8 24.Qxc8 Rxc8 25.Rab1 Bc7 26.Rb7 Nd5 27.Rfb1 f6 28.Kf1 Rcb8 29.Ke2 g5
30.g3 Kf8 31.Ne1 Ke8 32.Nc2 Kd8 33.a5 a6 34.h4 Rxb7 35.Rxb7 Kc8 36.Rb1 Rb8
37.Rxb8+ Kxb8 38.Kf3 gxh4 39.gxh4 h5 40.Ne3 Nxe3 41.fxe3 Kc8 42.e4 Kd7 43.Be1 e5
44.d5 cxd5 45.exd5 f5 46.Bb4 e4+ 47.Ke3 Bg3 48.c6+ Ke8 49.d6 Bxh4 50.Kf4 Kd8
51.Bc5 Kc8 52.Bb4 Be1 53.Ke3 Bg3  1-0

[Event "38th Olympiad"]
[Site "Dresden GER"]
[Date "2008.11.15"]
[Round "3"]
[White "Russell,MKA"]
[Black "Ragger,M"]
[Result "0-1"]
[WhiteElo "2230"]
[BlackElo "2518"]

1.d4 d5 2.c4 c6 3.Nf3 Nf6 4.Nc3 e6 5.e3 Nbd7 6.Qc2 Bd6 7.e4 dxe4 8.Nxe4 Nxe4
9.Qxe4 c5 10.Bg5 Be7 11.Bxe7 Qa5+ 12.Nd2 Kxe7 13.dxc5 Nxc5 14.Qe3 Rd8 15.b4 Qxb4
16.Rb1 Qa5 17.Rb5 Qxd2+ 18.Qxd2 Rxd2 19.Kxd2 b6 20.Be2 Ba6 21.Rb4 Rc8 22.Rc1 e5
23.Ke3 f5 24.f4 exf4+ 25.Kxf4 Rd8 26.Ke3 Kf6 27.Rd1 f4+ 28.Kf3 Bb7+ 29.Kg4 h5+
30.Kxh5 Rh8+ 31.Kg4 g5 32.Rd6+ Ke5 33.Rg6 Rh4+ 34.Kxg5 Rxh2 35.Bh5 Be4 36.Bf3 Bxg6
37.Kxg6 Rh8 38.Rb2 Rg8+ 39.Kf7 Rd8 40.Re2+ Kf5 41.Bd5 Rd7+ 42.Ke8 Rg7 43.Re1 Kf6
44.Kd8 b5 45.Re2 b4 46.Kc8 a5 47.Rd2 a4 48.Bf3 a3 49.Bd1 Ne4 50.Rd4 Nc3 51.Bb3 Rxg2
52.Rxf4+ Ke5 53.Rh4 Nxa2 54.c5 Nc1 55.Bf7 b3 56.Bxb3 Nxb3 57.c6 a2 58.Ra4 Rg8+
59.Kc7 a1=Q  0-1

[Event "38th Olympiad"]
[Site "Dresden GER"]
[Date "2008.11.15"]
[Round "3"]
[White "Parfenov,P"]
[Black "Rasmussen,A"]
[Result "1/2-1/2"]
[WhiteElo "2252"]
[BlackElo "2513"]

1.d4 d5 2.Nf3 Nf6 3.c4 e6 4.Nc3 c6 5.e3 Nbd7 6.Qc2 Bd6 7.g4 h6 8.cxd5 exd5
9.Bd2 Nxg4 10.Rg1 Nxh2 11.Nxh2 Bxh2 12.Rxg7 Qf6 13.Rg2 Bd6 14.O-O-O Nb6 15.e4 Be7
16.Be3 dxe4 17.d5 Qf5 18.dxc6 bxc6 19.Nxe4 Kf8 20.Qc3 f6 21.Nd6 Qe5 22.Qd3 f5
23.Bd4 Qf4+ 24.Be3 Qe5 25.Bd4 Qf4+ 26.Be3 Qe5 27.Bd4  1/2-1/2

[Event "38th Olympiad"]
[Site "Dresden GER"]
[Date "2008.11.15"]
[Round "3"]
[White "Stefansson,H"]
[Black "Agnelo,A"]
[Result "1-0"]
[WhiteElo "2575"]
[BlackElo "2168"]

1.d4 d5 2.c4 c6 3.Nf3 Nf6 4.e3 e6 5.Nc3 Nbd7 6.Qc2 dxc4 7.Bxc4 b5 8.Bd3 Bb7
9.Bd2 a6 10.Ne4 Qb6 11.b4 Be7 12.Nc5 Nxc5 13.dxc5 Qc7 14.O-O Rd8 15.Rad1 O-O
16.Bc3 h6 17.e4 Bc8 18.Qb2 Qf4 19.Ne5 Rxd3 20.Rxd3 Nxe4 21.Nxc6 Bf6 22.Bxf6 Nxf6
23.Qd4 Qxd4 24.Ne7+ Kh7 25.Rxd4 Re8 26.Nxc8 Rxc8 27.Rd6 Nd5 28.a3 Ra8 29.Rc1 Kg6
30.c6 Nc7 31.Rcd1 Ra7 32.Rd7  1-0

[Event "38th Olympiad"]
[Site "Dresden GER"]
[Date "2008.11.16"]
[Round "4"]
[White "Gateri,M"]
[Black "Tologontegin,S"]
[Result "0-1"]
[WhiteElo "2189"]
[BlackElo "2359"]

1.d4 d5 2.c4 e6 3.Nc3 Nf6 4.Nf3 c6 5.e3 Nbd7 6.cxd5 exd5 7.Be2 Bd6 8.O-O O-O
9.a3 Re8 10.b4 a6 11.Na4 Ne4 12.Bb2 Nf8 13.Nc5 Ng6 14.g3 Qe7 15.Nxe4 dxe4
16.Nd2 Bh3 17.Re1 Qg5 18.Bf1 Bxf1 19.Kxf1 Re6 20.Kg1 h5 21.Qe2 Rae8 22.Kh1 h4
23.Rg1 hxg3 24.fxg3 Ne7 25.Nc4 Bc7 26.Rae1 Rh6 27.Rg2 Nf5 28.Kg1 Bxg3 29.hxg3 Nxg3
30.Qd1 Rh1+ 31.Kf2 Rh6 32.Kg1 Ne2+ 33.Qxe2 Qh4 34.Kf1 Qg3 35.Qf2 Rh1+  0-1

[Event "38th Olympiad w"]
[Site "Dresden GER"]
[Date "2008.11.16"]
[Round "4"]
[White "Nodirjanova,N"]
[Black "Franco Valencia,B"]
[Result "1-0"]
[WhiteElo "2118"]
[BlackElo "2172"]

1.d4 Nf6 2.Nf3 d5 3.e3 e6 4.c4 c6 5.Nc3 Be7 6.Qc2 O-O 7.b3 b6 8.Bd3 Bb7 9.O-O c5
10.cxd5 exd5 11.dxc5 bxc5 12.e4 d4 13.Na4 Na6 14.a3 h6 15.Bd2 Rc8 16.Nb2 Nc7
17.Ne5 Nd7 18.Nxd7 Qxd7 19.Nc4 Ne6 20.f3 Qc7 21.e5 Rb8 22.Rae1 Bd5 23.Be4 Qb7
24.Bxd5 Qxd5 25.Qd3 Nc7 26.f4 Qb7 27.Rf3 f5 28.exf6 Bxf6 29.Ne5 Qd5 30.Ng4 Kh8
31.Nxf6 Rxf6 32.Re7 Rf7 33.Re5 Qd6 34.Qc4 Rd7 35.Rxc5 Ne6 36.Rc6 Qxa3 37.Qxe6 Rbd8
38.Rc8  1-0

[Event "38th Olympiad"]
[Site "Dresden GER"]
[Date "2008.11.16"]
[Round "4"]
[White "Asefi,Z"]
[Black "Gengler,P"]
[Result "0-1"]
[WhiteElo "2172"]
[BlackElo "2200"]

1.d4 Nf6 2.c4 e6 3.Nc3 d5 4.Nf3 c6 5.e3 Nbd7 6.cxd5 exd5 7.Bd3 Bd6 8.O-O O-O
9.Qc2 Re8 10.Re1 Nf8 11.Bd2 Bg4 12.Ne2 Ne4 13.Ng3 Qe7 14.Bc3 h5 15.Bxe4 dxe4
16.Ne5 f6 17.Nxg4 hxg4 18.Nf5 Qe6 19.Nxd6 Qxd6 20.Qb3+ Ne6 21.Qxb7 Reb8 22.Qa6 Rb5
23.g3 Ng5 24.Kg2 Qe6 25.a4 Qf5 26.Rg1 Nh3 27.f4 exf3+ 28.Kh1 Nf2+  0-1

[Event "38th Olympiad"]
[Site "Dresden GER"]
[Date "2008.11.16"]
[Round "4"]
[White "Delchev,A"]
[Black "Oyunbaatar,T"]
[Result "1-0"]
[WhiteElo "2632"]
[BlackElo "2306"]

1.d4 d5 2.c4 c6 3.Nc3 Nf6 4.e3 e6 5.Nf3 Nbd7 6.Bd3 dxc4 7.Bxc4 b5 8.Bd3 a6
9.a4 Bb7 10.O-O b4 11.Ne4 c5 12.Nxf6+ Nxf6 13.dxc5 Bxc5 14.Qe2 O-O 15.e4 h6
16.Bf4 Qe7 17.Rac1 a5 18.e5 Nd7 19.Nd2 Rfc8 20.Ne4 Bxe4 21.Qxe4 Nf8 22.Be3 Ra7
23.Rc2 Rcc7 24.Rfc1 Bxe3 25.Qxe3 Rxc2 26.Rxc2 Rd7 27.g3 Qd8 28.Be4 Rd1+ 29.Kg2 Ra1
30.Bf3 Rxa4 31.Qc1 b3 32.Rc8 Qe7 33.Rc7 Ra1 34.Qc6 Qd8 35.Qd6 Qxd6 36.exd6 Ra4
37.d7 Rd4 38.Bc6 Kh7 39.Kf3 Kg6 40.Ke3 e5 41.Ra7 Kf6 42.f4 Ne6 43.fxe5+ Kxe5
44.Rxa5+ Kd6 45.Ba4 Rb4 46.Ra8 Kc7 47.Rc8+ Kb7 48.Bc6+ Kb6 49.Bd5  1-0

[Event "38th Olympiad"]
[Site "Dresden GER"]
[Date "2008.11.17"]
[Round "5"]
[White "Aderito,P"]
[Black "Pesqueira,J"]
[Result "1-0"]
[WhiteElo "2349"]
[BlackElo "1985"]

1.Nf3 d5 2.d4 e6 3.c4 Nf6 4.Nc3 c6 5.e3 Bd6 6.Qc2 Nbd7 7.Bd3 O-O 8.O-O Re8
9.Bd2 dxc4 10.Bxc4 e5 11.Ng5 Re7 12.Qb3 Qe8 13.Nce4 Nxe4 14.Nxe4 Bc7 15.Bb4 exd4
16.Bxe7 Qxe7 17.exd4 Qxe4 18.Bxf7+  1-0

[Event "38th Olympiad w"]
[Site "Dresden GER"]
[Date "2008.11.17"]
[Round "5"]
[White "Nakagawa,E"]
[Black "Matoussi,Amina"]
[Result "1-0"]
[WhiteElo "1860"]
[BlackElo "1761"]

1.d4 d5 2.c4 c6 3.e3 e6 4.Nc3 Nf6 5.Nf3 Be7 6.Qc2 O-O 7.Bd3 h6 8.O-O dxc4
9.Bxc4 b5 10.Bd3 a6 11.b3 Bb7 12.Bb2 Nbd7 13.Rac1 c5 14.Ne4 Rc8 15.Qb1 Nd5
16.Nxc5 Nxc5 17.dxc5 Bxc5 18.Rfd1 Qe7 19.Bd4 Bd6 20.Be2 e5 21.Bb2 f5 22.Rxc8 Rxc8
23.Qxf5 e4 24.Nd4 Kh8 25.Qg4 Rf8 26.Nf5  1-0

[Event "38th Olympiad"]
[Site "Dresden GER"]
[Date "2008.11.17"]
[Round "5"]
[White "Bruzon Batista,L"]
[Black "Le Quang Liem"]
[Result "1/2-1/2"]
[WhiteElo "2622"]
[BlackElo "2583"]

1.d4 d5 2.c4 c6 3.Nc3 Nf6 4.e3 e6 5.Nf3 Nbd7 6.Bd3 dxc4 7.Bxc4 b5 8.Bd3 Bd6
9.O-O O-O 10.e4 e5 11.Ne2 Re8 12.Bg5 a6 13.a4 Bb7 14.axb5 cxb5 15.d5 h6 16.Bd2 Nxd5
17.exd5 e4 18.Bxe4 Rxe4 19.Ba5 Qf6 20.Ng3 Bxg3 21.hxg3 Qd6 22.Ra3 Nf6 23.Rd3 Nxd5
24.Qd2 Qe6 25.Nd4 Qg6 26.Nb3 Qh5 27.f3 Rc4 28.Rd1 Nf6 29.Bc3 Re8 30.Na5 Rc7
31.Rd8 Qc5+ 32.Kh2 Qh5+ 33.Kg1 Qc5+ 34.Kh2 Qh5+  1/2-1/2

[Event "38th Olympiad"]
[Site "Dresden GER"]
[Date "2008.11.17"]
[Round "5"]
[White "Peralta,Fe"]
[Black "Braun,A"]
[Result "1/2-1/2"]
[WhiteElo "2557"]
[BlackElo "2567"]

1.d4 d5 2.c4 c6 3.Nf3 Nf6 4.Nc3 e6 5.e3 Nbd7 6.Bd3 dxc4 7.Bxc4 b5 8.Bd3 a6
9.e4 c5 10.d5 c4 11.Bc2 e5 12.O-O Qc7 13.Ne2 Rb8 14.Ng3 h6 15.Kh1 g6 16.b3 c3
17.Nxe5 Nxe5 18.f4 Bd6 19.fxe5 Bxe5 20.d6 Qc5 21.b4 Qxb4 22.Bf4 Bxf4 23.Rxf4 Nd7
24.Bb3 Rf8 25.Rxf7 Rxf7 26.Qd5 Rg7 27.Nh5 gxh5 28.Qxh5+ Kd8 29.Qh4+ Ke8 30.Qh5+ Kd8
31.Qh4+ Ke8 32.Qh5+  1/2-1/2

[Event "XXXII Tenkes Cup"]
[Site "Harkany HUN"]
[Date "2008.11.18"]
[Round "5"]
[White "Gonda,L"]
[Black "Savchenko,S"]
[Result "1/2-1/2"]
[WhiteElo "2507"]
[BlackElo "2565"]

1.d4 d5 2.c4 c6 3.Nc3 Nf6 4.e3 e6 5.Nf3 Nbd7 6.Qc2 Bd6 7.b3 O-O 8.Be2 b6
9.O-O Bb7 10.Bb2 Qe7 11.Rfe1 Rac8 12.e4 Nxe4 13.Nxe4 dxe4 14.Qxe4 Nf6 15.Qh4 Ba3  1/2-1/2

[Event "38th Olympiad w"]
[Site "Dresden GER"]
[Date "2008.11.19"]
[Round "6"]
[White "Zhukova,N"]
[Black "Mkrtchian,L"]
[Result "1-0"]
[WhiteElo "2488"]
[BlackElo "2443"]

1.d4 d5 2.Nf3 Nf6 3.c4 c6 4.Nc3 e6 5.e3 Nbd7 6.Bd3 dxc4 7.Bxc4 b5 8.Be2 Bb7
9.O-O Be7 10.e4 b4 11.e5 bxc3 12.exf6 Bxf6 13.bxc3 c5 14.Rb1 Be4 15.Bd3 Bd5
16.a4 O-O 17.Bf4 c4 18.Bc2 Qa5 19.Ne5 Bxe5 20.dxe5 Qxc3 21.Rc1 Qb4 22.Qh5 f5
23.exf6 Nxf6 24.Qh3 Qe7 25.Rfe1 Qf7 26.Bd6 Rfd8 27.Be5 Qh5 28.Qc3 Rf8 29.f3 Rf7
30.Bb1 Qg5 31.Kh1 Nh5 32.Qc2 g6 33.Qf2 Raf8 34.Rc3 Nf4 35.Qg3 Qh6 36.Be4 Nh5
37.Qh4 Qd2 38.Rc2 Qb4 39.Bxd5 exd5 40.Bc3 Qxa4 41.Qd4 Ng7 42.Rce2 Qd7 43.Re5 Rf4
44.Qc5 d4 45.Re7 Qd8 46.Qxc4+ Kh8 47.Bd2 Rh4 48.R7e4 Rxe4 49.Rxe4 Nf5 50.g4 Ng7
51.Rxd4 Qa8 52.Rf4 Rc8 53.Qd4 Rd8 54.Qf6 g5 55.Bc3 Rg8 56.Qxg5 Qe8 57.Re4 Qf7
58.Kg2 Qc7 59.Qf6 Rc8 60.Rc4  1-0

[Event "38th Olympiad"]
[Site "Dresden GER"]
[Date "2008.11.19"]
[Round "6"]
[White "Nielsen,PH"]
[Black "Oyunbaatar,T"]
[Result "1/2-1/2"]
[WhiteElo "2662"]
[BlackElo "2306"]

1.d4 d5 2.c4 c6 3.Nc3 Nf6 4.e3 e6 5.Nf3 Nbd7 6.Bd3 dxc4 7.Bxc4 b5 8.Bd3 a6
9.e4 c5 10.d5 c4 11.Bc2 Qc7 12.O-O Bc5 13.dxe6 fxe6 14.e5 Nxe5 15.Bf4 Bd6
16.Bxe5 Bxe5 17.Nxe5 Qxe5 18.Re1 Qc5 19.Ne4 Nxe4 20.Bxe4 Ra7 21.b4 Qg5 22.Bc6+ Kf7
23.Qf3+ Qf6 24.Qe4 Rc7 25.a4 bxa4 26.Ra3 c3 27.Re3 Rd8 28.Bxa4 Kg8 29.Bc2 g6
30.Rf3 Qd4 31.Qxd4 Rxd4 32.Rfxc3 Rdc4 33.Rxc4 Rxc4 34.Ra2 Bb7 35.f3 Rxb4
36.Bd3 Rb6 37.h4 Kg7 38.Ra5 h6 39.Kf2 Kf6 40.Kg3 Rd6 41.Bc4 Rc6 42.Bd3 Rb6
43.Bc4 g5 44.hxg5+ hxg5 45.Bd3 Rd6 46.Bc4 g4 47.fxg4 Rd2 48.g5+ Kg6  1/2-1/2

[Event "38th Olympiad"]
[Site "Dresden GER"]
[Date "2008.11.19"]
[Round "6"]
[White "Roiz,M"]
[Black "Agrest,E"]
[Result "1/2-1/2"]
[WhiteElo "2677"]
[BlackElo "2574"]

1.d4 d5 2.c4 c6 3.Nf3 Nf6 4.Nc3 e6 5.e3 a6 6.b3 Bb4 7.Bd2 Bd6 8.Bd3 c5 9.O-O O-O
10.cxd5 exd5 11.e4 cxd4 12.Nxd5 Nxd5 13.exd5 Bg4 14.h3 Bh5 15.g4 Bg6 16.Bg5 f6
17.Bh4 Bxd3 18.Qxd3 g5 19.Bg3 Bxg3 20.fxg3 Qxd5 21.Qxd4 Qxd4+ 22.Nxd4 Nd7
23.Nf5 Rae8 24.Rac1 Re2 25.Rc7 Rd2 26.Rf2 Rd1+ 27.Rf1 Rd2 28.Rfc1 Re8 29.R7c2 Ree2
30.Rxd2 Rxd2 31.Rc8+ Kf7 32.Rh8 Nf8 33.Nh6+ Kg7 34.Rg8+ Kxh6 35.Rxf8 Kg7
36.Ra8 Rxa2  1/2-1/2

[Event "38th Olympiad"]
[Site "Dresden GER"]
[Date "2008.11.19"]
[Round "6"]
[White "Eljanov,P"]
[Black "Gustafsson,J"]
[Result "1/2-1/2"]
[WhiteElo "2720"]
[BlackElo "2634"]

1.d4 d5 2.c4 e6 3.Nc3 c6 4.e3 Nf6 5.Nf3 Nbd7 6.Bd3 dxc4 7.Bxc4 b5 8.Bd3 Bb7
9.a3 Bd6 10.O-O O-O 11.Qc2 a6 12.b4 a5 13.Rb1 axb4 14.axb4 Qe7 15.e4 e5 16.Ne2 Bxb4
17.Ng3 exd4 18.e5 Nxe5 19.Nxe5 c5 20.Rxb4 cxb4 21.Re1 Qe6 22.Qb1 Rfe8 23.Qxb4 Ra1
24.Qb2 Qd5 25.Nf3 Rxe1+ 26.Nxe1 Ra2 27.Qb1 g6 28.h3 b4 29.Qxb4 Ra1 30.Qb2 Qa2
31.Qxa2 Rxa2 32.Ne2 Ne4 33.Nxd4 Nxf2 34.Bc4 Ra4 35.Kxf2 Rxc4 36.Be3 Ra4  1/2-1/2

[Event "9th Open"]
[Site "Liberec CZE"]
[Date "2008.11.19"]
[Round "6"]
[White "Gernert,V"]
[Black "Vaclavicek,L"]
[Result "1/2-1/2"]
[WhiteElo "1867"]
[BlackElo "1532"]

1.d4 d5 2.c4 c6 3.Nf3 Nf6 4.Nc3 e6 5.e3 Nbd7 6.Bd3 Be7 7.O-O O-O 8.Qc2 b6
9.cxd5 exd5 10.a3 Bb7 11.Re1 c5 12.b3 Rc8 13.Qb2 Re8 14.a4 a5 15.h3 cxd4
16.Nxd4 Bb4 17.Bd2 Nc5 18.Bb5 Re7 19.Rac1 Rec7 20.Na2 Bxd2 21.Qxd2 Nfe4 22.Qe2 Qe7
23.Red1  1/2-1/2

[Event "38th Olympiad w"]
[Site "Dresden GER"]
[Date "2008.11.20"]
[Round "7"]
[White "Lomineishvili,M"]
[Black "Vega Gutierrez,S"]
[Result "1-0"]
[WhiteElo "2437"]
[BlackElo "2278"]

1.d4 d5 2.c4 e6 3.Nc3 c6 4.e3 Nf6 5.Nf3 Nbd7 6.Bd3 dxc4 7.Bxc4 b5 8.Bd3 Bd6
9.Qc2 Bb7 10.O-O O-O 11.Rd1 Qb8 12.h3 Re8 13.Ng5 h6 14.Nge4 Bf8 15.b3 Nxe4
16.Nxe4 e5 17.Bb2 exd4 18.Bxd4 c5 19.Nxc5 Nxc5 20.Bxc5 Rc8 21.b4 Bxc5 22.bxc5 Qe5
23.Rac1 a6 24.Bh7+ Kf8 25.Bf5 Rc7 26.Rd4 Re8 27.Bd7 Rd8 28.c6 Bc8 29.Rcd1 g6
30.Rd5 Qe7 31.Qc3 Kg8 32.Qa5 Ra7 33.Qb6 Ra8 34.c7 Rxd7 35.Rxd7 Bxd7 36.Qb8+ Qf8
37.Qxa8 Qxa8 38.Rxd7  1-0